Animación en el museo / (Record no. 27216)

MARC details
000 -LEADER
campo de control de longitud fija 00561nam a2200193 i 4500
001 - NÚMERO DE CONTROL
campo de control 27216
003 - IDENTIFICADOR DE NÚMERO DE CONTROL
campo de control ES-MaACL
005 - FECHA Y HORA DE LA ÚLTIMA TRANSACCIÓN
campo de control 20230906153559.0
007 - CAMPO FIJO DE DESCRIPCIÓN FÍSICA--INFORMACIÓN GENERAL
campo de control de longitud fija t|
008 - DATOS DE LONGITUD FIJA--INFORMACIÓN GENERAL
campo de control de longitud fija 030113s1982 sp ||||1| spa d
100 1# - ENTRADA PRINCIPAL--NOMBRE DE PERSONA
Nombre de persona Arroyo Montero, Rosa.
9 (RLIN) 23376
245 10 - MENCIÓN DEL TÍTULO
Título Animación en el museo /
Mención de responsabilidad, etc. Rosa Arroyo Montero.
260 ## - PUBLICACIÓN, DISTRIBUCIÓN, ETC.
Lugar de publicación, distribución, etc. [Madrid] :
Nombre del editor, distribuidor, etc. Nuevo Sendero,
Fecha de publicación, distribución, etc. [1982]
300 ## - DESCRIPCIÓN FÍSICA
Extensión 11 p. :
Otras características físicas il. ;
Dimensiones 22 cm.
490 1# - MENCIÓN DE SERIE
Mención de serie Cuadernos Píndaro ;
Designación de volumen o secuencia 6
830 0# - PUNTO DE ACCESO ADICIONAL DE SERIE-TÍTULO UNIFORME
Título uniforme Cuadernos Píndaro ;
Designación de volumen o secuencia 6
9 (RLIN) 229202
852 ## - LOCALIZACIÓN
Ubicación ES-MaACL
Número de control de estantería 2123-F-7
Sublocalización o colección R.103055
Holdings
Estatus retirado Estado de pérdida Estado de daño No para préstamo Colección Biblioteca de origen Biblioteca actual Ubicación en estantería Fecha de adquisición Fuente de adquisición Total de préstamos Signatura topográfica completa Código de barras Visto por última vez Precio de reemplazo Tipo de ítem Koha
        Colección de folletos Biblioteca del Ateneo de Madrid Biblioteca del Ateneo de Madrid Depósito folletos 17/01/2008     2123-F-7 1028091 23/02/2023 23/02/2023 Folleto